Central Library OPAC University of Rajshahi

Children's ethnic socialization : (Record no. 30232)

MARC details
000 -LEADER
fixed length control field 01464cam a2200385 a 4500
001 - CONTROL NUMBER
control field 30232
003 - CONTROL NUMBER IDENTIFIER
rucl marc code BD-RjUL
005 - DATE AND TIME OF LATEST TRANSACTION
control field 20211209051531.0
008 - FIXED-LENGTH DATA ELEMENTS--GENERAL INFORMATION
fixed length control field 140409s1987 cau b 001 0 eng
020 ## - INTERNATIONAL STANDARD BOOK NUMBER
International Standard Book Number 0803928157
International Standard Book Number 0803928165 (pbk.)
035 ## - SYSTEM CONTROL NUMBER
System control number (BD-RjUL)30317
040 ## - CATALOGING SOURCE
Original cataloging agency DLC
Transcribing agency DLC
Modifying agency DLC
-- InU
-- DLC
-- BD-RjUL
Language of cataloging eng
041 ## - LANGUAGE CODE
Language code of text/sound track or separate title eng
082 00 - DEWEY DECIMAL CLASSIFICATION NUMBER
Classification number 305.23
Edition number 19
Author mark and year CHI 1987
245 00 - TITLE STATEMENT
Title Children's ethnic socialization :
Remainder of title pluralism and development /
Statement of responsibility, etc. edited by Jean S. Phinney, Mary Jane Rotheram.
260 ## - PUBLICATION, DISTRIBUTION, ETC. (IMPRINT)
Place of publication, distribution, etc. Newbury Park :
Name of publisher, distributor, etc. Sage Publications,
Date of publication, distribution, etc. c1987.
300 ## - PHYSICAL DESCRIPTION
Pagination 328 p. ;
Size 22 cm.
490 0# - SERIES STATEMENT
Series statement Sage focus editions ;
Volume/sequential designation v. 81
500 ## - GENERAL NOTE
General note "Published in cooperation with the Society for Research in Child Development."
General note Includes index.
504 ## - BIBLIOGRAPHY, ETC. NOTE
Bibliography, etc Bibliography: p. 293-323.
650 #0 - SUBJECT ADDED ENTRY--TOPICAL TERM
Topical term or geographic name as entry element Ethnicity in children.
9 (RLIN) 91896
Topical term or geographic name as entry element Children of minorities.
9 (RLIN) 91897
Topical term or geographic name as entry element Ethnicity in children
Geographic subdivision United States.
9 (RLIN) 91898
Topical term or geographic name as entry element Children of minorities
Geographic subdivision United States.
9 (RLIN) 91899
Topical term or geographic name as entry element Socialization.
9 (RLIN) 11886
700 1# - ADDED ENTRY--PERSONAL NAME
Personal name Phinney, Jean S.
Personal name Rotheram-Borus, Mary J.
Fuller form of name (Mary Jane),
Dates associated with a name 1949-
856 42 - ELECTRONIC LOCATION AND ACCESS
Materials specified Publisher description
Uniform Resource Identifier <a href="http://www.loc.gov/catdir/enhancements/fy0654/86001971-d.html">http://www.loc.gov/catdir/enhancements/fy0654/86001971-d.html</a>
Materials specified Table of contents only
Uniform Resource Identifier <a href="http://www.loc.gov/catdir/enhancements/fy0654/86001971-t.html">http://www.loc.gov/catdir/enhancements/fy0654/86001971-t.html</a>
942 ## - ADDED ENTRY ELEMENTS (KOHA)
Source of classification or shelving scheme Dewey Decimal Classification
Koha item type Books
Holdings
Lost status Source of classification or shelving scheme Damaged status Not for loan Permanent Location Current Location Shelving location Date acquired Source of acquisition Cost, normal purchase price Total Checkouts Full call number Date last seen Copy number Koha item type
  Dewey Decimal Classification   Not For Loan Central Library, University of Rajshahi Central Library, University of Rajshahi Reading Room 23/09/1989 Karim Int. 35.00   305.23 CHI 1987 09/04/2014 C-1 Books